000
00328nam a2200157Ia 4500
008
191121s9999||||xx |||||||||||||| ||und||
040
_a
IMU-MPC
082
_a
Column-5
100
_a
IMO
245
0
_a
ISPS Code
260
_a
Mumbai
260
_b
Bhandarkar Publications
260
_c
2003
300
_a
ix, 141
942
_c
BK
999
_c
1876
_d
1876